01149nam a2200289 i 4500001001000000003000900010005001700019007000300036008004100039040003000080041000700110082001700117110005000134245007500184264005900259300002900318336002700347337003300374338002800407490002500435500021100460590002600671910000700697942001400704952012400718999001700842000035217DO-SdBNP20250805094016.0ta250805s2009 sp 000 0 spa d aDO-SdBNPbspacBNPHUerda asp axxxbI242221 aIglesia CatolicabPapa (Benedicto XVI)96026913aCarta encíclica caritas in veritate del sumo pontifice Benedicto XVI aSantiago de los Caballeros :bLibreria Paulinas,c2009 a132 páginas. ;c22 cm. ardacontentbtexto2txt ardamediabsin mediación2n ardacarrierbvolumen2nc aDocumento pontificia aA los obispos, a los prebísteros y diáconos a las personas consagradas a todos los fieles laicos y a todos los hombres de buena voluntad sobre el desarrollo humano integral en la caridad y en la verdad. aInventariado, 2025/DG aDG 2ddccLBS1 00102ddc51708PDaBNPHUbBNPHUcCTd2025-08-05edonaciónl0oBNPHU PD I24p2025-7748r2025-08-05w2025-08-05yLBS1 c59724d59724